Maquiavelo y el infierno de los filósofos
Na minha lista:
| Autor principal: | |
|---|---|
| Formato: | Texto |
| Publicado em: |
s.l:
Consejo Latinoamericano de Ciencias Sociales
|
| Assuntos: | |
| Tags: |
Adicionar Tag
Sem tags, seja o primeiro a adicionar uma tag!
|
MARC
| LEADER | 00000 a a2200000 04500 | ||
|---|---|---|---|
| 001 | 32729 | ||
| 003 | |||
| 040 | |||
| 090 | |a 203700 | ||
| 100 | |a Boron, Atilio A. | ||
| 245 | |a Maquiavelo y el infierno de los filósofos | ||
| 260 | |a s.l: |b Consejo Latinoamericano de Ciencias Sociales | ||
| 300 | |a 14 p. | ||
| 650 | |a FILOSOFIA | ||
| 650 | |a CIENCIA POLITICA | ||
| 650 | |a TEORIA | ||
| 999 | |c 8373 |d 8373 | ||
